Statistics for List of yokozuna

Click here to take the quiz!

General Stats

  • This quiz has been taken 147 times
    (137 since last reset)
  • The average score is 40 of 73

Answer Stats

Answer% Correct
64Akebono
100%
68Asashoryu
100%
69Hakuho
100%
72Kisenosato
100%
67Musashimaru
100%
73Terunofuji
100%
70Harumafuji
93%
71Kakuryu
93%
56Wakanohana
93%
45Wakanohana
93%
66Wakanohana
93%
63Asahifuji
87%
48Taiho
87%
58Chiyonofuji
80%
35Futabayama
80%
65Takanohana
80%
61Hokutoumi
73%
52Kitanofuji
73%
62Onokuni
73%
60Futahaguro
67%
47Kashiwado
60%
55Kitanoumi
60%
53Kotozakura
60%
59Takanosato
60%
54Wajima
60%
1Akashi
53%
57Mienoumi
53%
25Nishinoumi
53%
16Nishinoumi
53%
30Nishinoumi
53%
8Shiranui
53%
11Shiranui
53%
44Tochinishiki
53%
10Unryu
53%
46Asashio
47%
41Chiyonoyama
47%
36Haguroyama
47%
12Jinmaku
47%
17Konishiki
47%
26Onishiki
47%
28Onishiki
47%
51Tamanoumi
47%
38Terukuni
47%
49Tochinoumi
47%
20Umegatani
47%
15Umegatani
47%
19Hitachiyama
40%
7Inazuma
40%
42Kagamisato
40%
3Maruyama
40%
34Minanogawa
40%
18Ozutsu
40%
22Tachiyama
40%
27Tochigiyama
40%
37Akinoumi
33%
40Azumafuji
33%
9Hidenoyama
33%
13Kimenzan
33%
39Maedayama
33%
33Musashiyama
33%
6Onomatsu
33%
24Otori
33%
50Sadanoyama
33%
14Sakaigawa
33%
32Tamanishiki
33%
4Tanikaze
33%
31Tsunenohana
33%
2Ayagawa
27%
5Onogawa
27%
21Wakashima
27%
43Yoshibayama
27%
29Miyagiyama
20%
23Okido
20%

Score Distribution

Percentile by Number Answered

Percent of People with Each Score

Your Score History

You have not taken this quiz since the last reset